MARC

LEADER 00000nam0a2200000 4500
001 305567
005 20260122161838.0
035 |a (RuTPU)RU\TPU\book\330839 
090 |a 305567 
100 |a 20150928d1983 m y0rusy5003 ca 
101 0 |a rus 
102 |a RU 
105 |a a z 000zb 
200 1 |a Ударивший в колокол. Повесть об Александре Герцене  |f Л. И. Славин 
205 |a 2-е изд. 
210 |a Москва  |c Политиздат  |d 1983 
215 |a 461,[2] с.  |c ил. 
225 1 |a Пламенные революционеры 
600 1 |a Герцен  |g Александр Иванович  |f 1812-1870  |c российский революционер  |c писатель  |c философ  |b А. И.  |2 stltpush  |3 (RuTPU)RU\TPU\pers\286 
606 |a Революционное движение в России  |x История  |z 1-я пол. 19 в.  |9 81891 
606 1 |a Русские революционные демократы  |x Философия  |2 stltpush  |3 (RuTPU)RU\TPU\subj\26381  |9 50321 
610 1 |a общественная мысль 
610 1 |a русская литература 
610 1 |a персоналии 
610 1 |a периодическая печать 
686 |a Т3(3)521  |2 rubbk 
686 |a Ю3(2)51-538  |2 rubbk 
700 1 |a Славин  |b Л. И.  |g Лев Исаевич  |4 070 
801 0 |a RU  |b RuMRKP  |c 19950704  |g psbo 
801 1 |a RU  |b 63413507  |c 20150928 
801 2 |a RU  |b 63413507  |c 20180622  |g RCR 
942 |c BK